Catalogue de la Bibliothèque de l'ENSA

Le petit Larousse : nd format (notice nᵒ 19019)

détails MARC
000 -LEADER
fixed length control field 00333nam a2200157Ia 4500
008 - FIXED-LENGTH DATA ELEMENTS--GENERAL INFORMATION
fixed length control field 160105s9999 xx 000 0 und d
041 ## - LANGUAGE CODE
Language code of text/sound track or separate title fre
245 ## - TITLE STATEMENT
Title Le petit Larousse : nd format
260 ## - PUBLICATION, DISTRIBUTION, ETC.
Place of publication, distribution, etc Paris
260 ## - PUBLICATION, DISTRIBUTION, ETC.
Name of publisher, distributor, etc Larousse
260 ## - PUBLICATION, DISTRIBUTION, ETC.
Date of publication, distribution, etc 2004
300 ## - PHYSICAL DESCRIPTION
Other physical details ill. en coul.
654 ## - SUBJECT ADDED ENTRY--FACETED TOPICAL TERM
General subdivision cm
942 ## - ADDED ENTRY ELEMENTS (KOHA)
Koha item type Ouvrage
994 ## -
-- 119633
Exemplaires
Withdrawn status Lost status Damaged status Use restrictions Not for loan Home library Current library Cost, normal purchase price Shelving control number Total Checkouts Total Renewals Total Holds Full call number Barcode Cost, replacement price Koha item type
          Bibliothèque Centrale Bibliothèque Centrale 0.00         BC_1395 45 BC_1395 45 0.00 Ouvrage

Adresse: Ecole Nationale Supérieure Agronomique Hassen Badi - El Harrach Alger, Algérie

Tél +213 (0) 23 82 85 07+213 (0) 23 82 85 12 Fax +213 23 82 85 03/04 Courriel: bibliotheque@edu.ensa.dz